| 000 | 01168nam a2200337 i 4500 | ||
|---|---|---|---|
| 001 | 020563310 | ||
| 003 | BUEsh | ||
| 005 | 20230305054938.0 | ||
| 008 | 220413t2022 nyu f 001 0 eng d | ||
| 020 | _a9781264269983 (pbk.) | ||
| 020 | _a1264269986 | ||
| 040 |
_aStDuBDS _beng _erda _cStDuBDS _dBUEsh |
||
| 082 | 0 | 4 |
_a618.92 _222 _bCUR |
| 245 | 0 | 0 |
_aCurrent diagnosis & treatment pediatrics / _cedited by Maya Bunik, MD, MPH, professor, Department of Pediatrics, Section of General Academic Pediatrics, University of Colorado School of Medicine and Children's Hospital Colorado. |
| 250 | _aTwenty-sixth edition. | ||
| 264 | 1 |
_aNew York : _bMcGraw Hill, _c[2022] |
|
| 264 | 4 | _cc2022 | |
| 300 |
_axxx, 1473 pages ; _c28 cm |
||
| 336 |
_atext _2rdacontent _btxt |
||
| 337 |
_aunmediated _2rdamedia _bn |
||
| 338 |
_avolume _2rdacarrier _bnc |
||
| 500 | _aIncludes index. | ||
| 650 | 7 |
_aPediatrics. _2BUEsh |
|
| 650 | 7 |
_aChildren _xDiseases _xTreatment. _2BUEsh |
|
| 650 | 7 |
_aChildren _xDiseases _xDiagnosis. _2BUEsh |
|
| 653 |
_bNNUR _cMarch2023 |
||
| 655 | _vReading book | ||
| 700 | 1 |
_aBunik, Maya, _eeditor. |
|
| 942 |
_2ddc _cBB |
||
| 999 |
_c30198 _d30169 |
||